| 000 -LEADER |
| fixed length control field |
00482nam a22001337a 4500 |
| 040 ## - CATALOGING SOURCE |
| Transcribing agency |
RUA |
| 082 ## - DEWEY DECIMAL CLASSIFICATION NUMBER |
| Classification number |
FIS KY 2006 B178 Or.1 |
| 100 ## - MAIN ENTRY--AUTHOR NAME |
| Personal name |
KY SOPHEAP ; គីសុភាព |
| 245 ## - TITLE STATEMENT |
| Title |
Fish market at tramkok district, takeo province, ទីផ្សារត្រីនៅក្នុងស្រុកត្រំាកក់ ខេត្តតាកែវ. |
| 260 ## - PUBLICATION, DISTRIBUTION, ETC. (IMPRINT) |
| Place of publication |
Phnom Penh |
| Name of publisher |
RUA |
| Year of publication |
2006 |
| 300 ## - PHYSICAL DESCRIPTION |
| Number of Pages |
xi; 42p. |
| Other physical details |
ill. |
| Dimensions |
29cm. |
| 856 ## - ELECTRONIC LOCATION AND ACCESS |
| Uniform Resource Identifier |
KY SOPHEA |
| 942 ## - ADDED ENTRY ELEMENTS (KOHA) |
| Koha item type |
FIS |
| 952 ## - LOCATION AND ITEM INFORMATION (KOHA) |
| Withdrawn status [LOCAL, KOHA] |
0 |
| 952 ## - LOCATION AND ITEM INFORMATION (KOHA) |
| Withdrawn status [LOCAL, KOHA] |
0 |
| 952 ## - LOCATION AND ITEM INFORMATION (KOHA) |
| Withdrawn status [LOCAL, KOHA] |
0 |